Educación superior en trabajo social : (Registro nro. 40480)

Detalles MARC
000 -LEADER
fixed length control field 01282nam a2200313 4500
001 - CONTROL NUMBER
control field 0000031130
003 - CONTROL NUMBER IDENTIFIER
control field CO-CtgCURN
005 - DATE AND TIME OF LATEST TRANSACTION
control field 20250429224135.0
007 - PHYSICAL DESCRIPTION FIXED FIELD--GENERAL INFORMATION
fixed length control field ta
008 - FIXED-LENGTH DATA ELEMENTS--GENERAL INFORMATION
fixed length control field 160708s2012 000 0 eng d
020 ## - INTERNATIONAL STANDARD BOOK NUMBER
International Standard Book Number 9789588736259
040 ## - CATALOGING SOURCE
Original cataloging agency CO-CtgCURN
Language of cataloging spa
Transcribing agency coctgcurn
082 0# - DEWEY DECIMAL CLASSIFICATION NUMBER
Classification number 361.3
Item number P929
100 1# - MAIN ENTRY--PERSONAL NAME
Personal name Pérez Mendoza, Liliana.
245 10 - TITLE STATEMENT
Title Educación superior en trabajo social :
Remainder of title una propuesta desde y para la autonomia /
Statement of responsibility, etc. Liliana Pérez Mendoza.
260 ## - PUBLICATION, DISTRIBUTION, ETC.
Place of publication, distribution, etc. Cartagena de Indias :
Name of publisher, distributor, etc. Universidad de Cartagena,
Date of publication, distribution, etc. 2012.
300 ## - PHYSICAL DESCRIPTION
Extent 314 p.
336 ## - CONTENT TYPE
Source rdacontent
337 ## - MEDIA TYPE
Source rdamedia
Media type term sin mediacion
Media type code n
338 ## - CARRIER TYPE
Source rdacarrier
Carrier type term volumen
Carrier type code nc
504 ## - BIBLIOGRAPHY, ETC. NOTE
Bibliography, etc. note Incluye indice bibliografico (p.295-314)
505 8# - FORMATTED CONTENTS NOTE
Formatted contents note 505Contexto y enfoque etico-teorico para la autonomia en la educación superior.--Intervencion del Trabajo Social para la autonomia.--Educación superior, Trabajo Social y autonomia.--Educación superior en Trabajo social desde y para la autonomia
650 14 - SUBJECT ADDED ENTRY--TOPICAL TERM
Topical term or geographic name entry element Trabajo Social
Form subdivision educación superior.
650 14 - SUBJECT ADDED ENTRY--TOPICAL TERM
Topical term or geographic name entry element Comunicación en Trabajo Social.
730 0# - ADDED ENTRY--UNIFORM TITLE
Uniform title Bolivar-Bibliografia regional.
908 ## - PUT COMMAND PARAMETER (RLIN)
Put command parameter 160708
942 ## - ADDED ENTRY ELEMENTS (KOHA)
Koha item type Libros
Classification part 361.3
Item part P929
Source of classification or shelving scheme Dewey Decimal Classification
Existencias
Withdrawn status Lost status Source of classification or shelving scheme Damaged status Not for loan Collection Home library Current library Shelving location Date acquired Total checkouts Full call number Barcode Date last seen Price effective from Koha item type
    Dewey Decimal Classification     General Miguel Henríquez Castañeda Miguel Henríquez Castañeda General 04/29/2025   361.3 P929 016564 04/29/2025 04/29/2025 Libros